Вып. 15; Электроэнергетика и автоматизация энергоустановок

Bibliografiske detaljer
Parent link:Электроэнергетика и автоматизация энергоустановок: [сборник]/ Харьковский политехнический институт (ХПИ). Вып. 15.— , 1971-1992
Andre forfattere: Щебенюк Л. А. (редактор)
Sprog:russisk
Udgivet: 1988
Fag:
Format: MixedMaterials Bog
KOHA link:https://koha.lib.tpu.ru/cgi-bin/koha/opac-detail.pl?biblionumber=261397

MARC

LEADER 00000nam2a2200000 4500
001 261397
005 20231101233548.0
035 |a (RuTPU)RU\TPU\book\284376 
035 |a RU\TPU\book\225952 
090 |a 261397 
100 |a 20140522d1988 k y0rusy50 ca 
101 0 |a rus 
102 |a UA 
105 |a a z 001zy 
200 0 |a Вып. 15  |f отв. ред. Л. А. Щебенюк 
210 |d 1988 
215 |a 64 с.  |c ил. 
320 |a Библиография в конце статей 
461 1 |0 (RuTPU)RU\TPU\book\19869  |t Электроэнергетика и автоматизация энергоустановок  |o [сборник]  |f Харьковский политехнический институт (ХПИ)  |v Вып. 15  |d 1971-1992  |s Вестник Харьковского политехнического института ; № 251 
606 1 |a Энергетические установки  |x Автоматизация  |2 stltpush  |3 (RuTPU)RU\TPU\subj\21289  |9 46308 
610 1 |a электроэнергетика 
610 1 |a заземлители 
610 1 |a молниезащита 
610 1 |a диагностика 
610 1 |a электрооборудование 
675 |a 620.9.002  |v 3 
702 1 |a Щебенюк  |b Л. А.  |4 340 
801 1 |a RU  |b 63413507  |c 20120123 
801 2 |a RU  |b 63413507  |c 20170125  |g RCR 
942 |c BK